New Deal Acronyms Quiz Stats

 Plays Quiz Updated Feb 7, 2020

Support Sporcle.
Go Orange.
Score 0/20 Timer 05:00
1 Play Today
Acronym Program % Correct
TVATennessee Valley Authority
69.4%
SECSecurities and Exchange Commission
51.6%
FDICFederal Deposit Insurance Corporation
48.8%
FCCFederal Communications Commission
43.9%
CCCCivilian Conservation Corps
43.2%
WPAWork Projects Administration
42.7%
SSASocial Security Administration
36.4%
PWAPublic Works Administration
29.2%
FHAFederal Housing Administration
28.7%
NRANational Recovery Administration
19.6%
Acronym Program % Correct
NLRANational Labor Relations Act
17.9%
AAAAgricultural Adjustment Administration
17.8%
CWACivil Works Administration
13%
NYANational Youth Administration
12.1%
FERAFederal Emergency Relief Administration
11.9%
USHAUnited States Housing Authority
11.1%
HOLCHome Owners Loan Corporation
8.1%
REARural Electrification Administration
7.4%
EBAEmergency Banking Act
6.7%
FSAFarm Security Administration
4.2%

From the Vault

North or South America?

by mg10

We're going to Peru? Alpaca my bags!
Remove Ads.
Support Sporcle.
Get the best of Sporcle when you Go Orange. This ad-free experience offers more features, more stats, and more fun while also helping to support Sporcle. Thank you for becoming a member.

Show Comments

Extras

Top Quizzes Today


Score Distribution

Your Account Isn't Verified!

In order to create a playlist on Sporcle, you need to verify the email address you used during registration. Go to your Sporcle Settings to finish the process.

Report this User

Report this user for behavior that violates our Community Guidelines.

Details: